000 00736nam a22002297a 4500
005 20251108165007.0
008 250721s2000 xx 000 0 ara d
082 1 4 _a658.4030285/كيل
100 1 _aالكيلاني، عثمان
245 1 0 _aالمدخل إلى نظم المعلومات الإدارية /
264 1 _aعمان :
_bدار المناهج للنشر والتوزيع،
_c2000.
300 _a345ص
650 1 7 _aالحواسيب
650 1 7 _aسياسة العمل
650 1 7 _aتنظيم العمل
650 1 7 _aإدارة الأعمال
650 1 7 _aإقتصاد المنشآت
700 1 _aالبستاني، هلال
700 1 _aالسالمي، علاء
942 _2ddc
_cBK
999 _c19330
_d19330